[Event "Reunion op 16th"]
[Site "St Denis"]
[Date "2014.10.23"]
[Round "7"]
[White "Fontaine, Cedric"]
[Black "Calmels, Nicolas"]
[Result "0-1"]
[WhiteElo "1642"]
[BlackElo "1884"]
[PlyCount "124"]
[EventDate "2014.10.18"]
[EventType "swiss"]
[EventRounds "9"]
[EventCountry "RUF"]
[SourceTitle "EXT 2015"]
[Source "ChessBase"]
[SourceDate "2014.11.20"]
[SourceVersion "1"]
[SourceVersionDate "2014.11.20"]
[SourceQuality "1"]

1. e4 e5 2. Bc4 Nf6 3. d3 c6 4. Nf3 Be7 5. Nc3 Qc7 6. Bg5 b5 7. Bb3 a5 8. a3 Na6 9. Ne2 h6 10. Bh4 Nc5 11. Ba2 d6 12. b4 Ne6 13. c3 Nf8 14. Bxf6 Bxf6 15. d4 Bg4 16. Qd3 Ng6 17. d5 0-0 18. 0-0 c5 19. c4 axb4 20. axb4 bxc4 21. Qxc4 Ra4 22. Rab1 Bxf3 23. gxf3 Nh4 24. Rfd1 Nxf3+ 25. Kh1 Qd7 26. Ng1 Qg4 27. Qc2 Nxg1 28. Rxg1 Qf3+ 29. Rg2 Rfa8 30. Rb3 Rxa2 31. Qxa2 Qd1+ 32. Rg1 Qxg1+ 33. Kxg1 Rxa2 34. bxc5 dxc5 35. Rb8+ Kh7 36. d6 Rd2 37. Rc8 Rxd6 38. Rxc5 Rd4 39. Rc7 Rxe4 40. Rxf7 Kg6 41. Ra7 h5 42. h3 Kg5 43. Kg2 g6 44. Ra6 Kf5 45. Kf3 Bh4 46. Ra2 Rc4 47. Kg2 e4 48. Rb2 Kf4 49. Ra2 Rc5 50. Kf1 g5 51. Kg2 Rc3 52. Ra7 Rc2 53. Rf7+ Ke5 54. Rh7 Rxf2+ 55. Kg1 e3 56. Rxh5 e2 57. Rxg5+ Rf5 58. Rg2 e1Q+ 59. Kh2 Rf2 60. Rxf2 Qxf2+ 61. Kh1 Bg3 62. h4 Qh2# 0-1

[Event "Reunion op 16th"]
[Site "St Denis"]
[Date "2014.10.18"]
[Round "3"]
[White "Etheve, Loic"]
[Black "Fontaine, Cedric"]
[Result "0-1"]
[WhiteElo "1399"]
[BlackElo "1642"]
[PlyCount "82"]
[EventDate "2014.10.18"]
[EventType "swiss"]
[EventRounds "9"]
[EventCountry "RUF"]
[SourceTitle "EXT 2015"]
[Source "ChessBase"]
[SourceDate "2014.11.20"]
[SourceVersion "1"]
[SourceVersionDate "2014.11.20"]
[SourceQuality "1"]

1. e4 c5 2. Bc4 e6 3. Nc3 a6 4. a3 Qc7 5. d3 Nc6 6. Nge2 Bd6 7. f4 Nd4 8. Be3 Nxe2 9. Nxe2 b5 10. Bb3 Bb7 11. Qd2 Nh6 12. f5 Ng4 13. 0-0-0 Nxe3 14. Qxe3 Be5 15. h3 0-0-0 16. Kb1 d5 17. g4 c4 18. Ba2 Rhe8 19. d4 Qb6 20. Qg1 Bc7 21. e5 Rd7 22. Nf4 a5 23. Nh5 Rg8 24. f6 g6 25. Nf4 b4 26. Qg3 Ba6 27. a4 Qc6 28. b3 c3 29. Nd3 Bxd3 30. Rxd3 g5 31. h4 gxh4 32. Rxh4 Rh8 33. Qh3 Qb6 34. Rxh7 Rxh7 35. Qxh7 Bxe5 36. g5 Bxd4 37. Qg8+ Kc7 38. Ka1 Be5 39. Bb1 Qg1 40. Qa8 Kb6 41. Qe8 Qc1 0-1

[Event "Reunion op 15th"]
[Site "St Denis"]
[Date "2013.10.17"]
[Round "6"]
[White "Fontaine, Cedric"]
[Black "Kibria, Golam"]
[Result "1/2-1/2"]
[WhiteElo "1580"]
[BlackElo "1803"]
[PlyCount "129"]
[EventDate "2013.10.12"]
[EventType "swiss"]
[EventRounds "9"]
[EventCountry "RUF"]
[SourceTitle "EXT 2014"]
[Source "ChessBase"]
[SourceDate "2013.11.20"]
[SourceVersion "1"]
[SourceVersionDate "2013.11.20"]
[SourceQuality "1"]

1. e4 c5 2. Nf3 d6 3. d4 cxd4 4. Nxd4 Nc6 5. Nc3 a6 6. Bc4 e6 7. Be3 Be7 8. a3 Nf6 9. h3 d5 10. exd5 Nxd5 11. Nxd5 exd5 12. Bb3 0-0 13. Qd2 Nxd4 14. Bxd4 Bg5 15. Be3 Bxe3 16. fxe3 Qh4+ 17. Qf2 Qxf2+ 18. Kxf2 Bf5 19. Rac1 Be4 20. Rhd1 Rad8 21. Rd2 Rd6 22. c3 b5 23. Bc2 f5 24. Kg1 Re8 25. Bxe4 Rxe4 26. Rd3 a5 27. Rf1 g6 28. Rf4 a4 29. g4 Rxf4 30. exf4 Kf7 31. g5 Ke7 32. Kf2 Kd7 33. Re3 d4 34. cxd4 Rxd4 35. Kf3 Kd6 36. Rc3 Kd5 37. Ke3 Re4+ 38. Kf3 Kd4 39. h4 Re1 40. Rc7 Rb1 41. Rd7+ Kc4 42. Rc7+ Kb3 43. Rxh7 Rxb2 44. Rg7 Kxa3 45. Rxg6 Rb3+ 46. Kg2 Rc3 47. Rb6 b4 48. g6 b3 49. h5 b2 50. h6 Rb3 51. Rxb3+ axb3 52. g7 b1Q 53. g8Q Qe4+ 54. Kg1 b2 55. Qf8+ Qb4 56. Qa8+ Qa4 57. Qf8+ Ka2 58. Qf7+ Qb3 59. Qa7+ Qa3 60. Qf7+ Ka1 61. Qf6 Qg3+ 62. Kh1 Qg4 63. Qa6+ Kb1 64. Qd3+ Kc1 65. Qc3+ 1/2-1/2

[Event "Reunion op 15th"]
[Site "St Denis"]
[Date "2013.10.13"]
[Round "3"]
[White "Labrande, Theodore"]
[Black "Fontaine, Cedric"]
[Result "0-1"]
[WhiteElo "1290"]
[BlackElo "1580"]
[PlyCount "52"]
[EventDate "2013.10.12"]
[EventType "swiss"]
[EventRounds "9"]
[EventCountry "RUF"]
[SourceTitle "EXT 2014"]
[Source "ChessBase"]
[SourceDate "2013.11.20"]
[SourceVersion "1"]
[SourceVersionDate "2013.11.20"]
[SourceQuality "1"]

1. e4 c5 2. Nf3 Nc6 3. Nc3 d6 4. Be2 g6 5. d4 cxd4 6. Nxd4 Bg7 7. Be3 Nf6 8. Qd2 a6 9. 0-0 Ng4 10. Bg5 Nxd4 11. Bxg4 Bxg4 12. Bh6 Bf6 13. f3 Be6 14. Be3 Nc6 15. Ne2 Ne5 16. Qc1 Nc4 17. c3 Nxe3 18. Qxe3 0-0 19. Nd4 Qb6 20. b3 Rac8 21. Rfd1 Rc7 22. Rd3 Bd7 23. Rc1 Rfc8 24. c4 Qa7 25. Rc2 b5 26. cxb5 Bxd4 0-1